Vista normal
Vista MARC
Entrada Geographic Name
Número de registros utilizados en: 1
001 - CONTROL NUMBER
- control field: 1454
003 - CONTROL NUMBER IDENTIFIER
- control field: OSt
005 - DATE AND TIME OF LATEST TRANSACTION
- control field: 20200312083314.0
008 - FIXED-LENGTH DATA ELEMENTS
- fixed length control field: 200312|| aca||aabn | a|a d
040 ## - CATALOGING SOURCE
- Original cataloging agency: OSt
- Transcribing agency: OSt
151 ## - HEADING--GEOGRAPHIC NAME
- Geographic name:
670 ## - SOURCE DATA FOUND
- Source citation: Work cat.: (OSt)5578: Arango Londoño, Gilberto, autor 1441, Desde mi angulo : , 2004